000 01488nam a22003737c 4500
001 57797
003 CO-BoRNBP
005 20250730161008.0
007 ta
008 221226s2017 ck a|||er|||| 00| 0 spa d
020 _a9789586654746
040 _aCO-BoRNBP
_bspa
_erda
_cCO-BoRNBP
041 0 _hspa
043 _as-ck---
082 0 4 _a303.609861
_bS15s
_222
100 _aSánchez Meertens, Ariel,
_d1977-
_eaut
_961644
245 1 4 _aLos saberes de la guerra :
_bmemoria y conocimiento intergeneracional del conflicto en Colombia /
_cAriel Sánchez Meertens ; prólogo de Antanas Mockus y Giancarlo Chiappe.
250 _aPrimera edición
264 1 _aBogotá, Colombia :
_bUniversidad Nacional de Colombia,
_c2017
300 _a285 páginas :
_bilustraciones en blanco y negro
336 _atexto
_btxt
_2rdacontent
337 _asin mediación
_bn
_2rdamedia
338 _avolumen
_bnc
_2rdacarrier
490 0 _aBiblioteca Universitaroa Ciencias Sociales y Humanidades
_pTemas para el diálogo y el debate
504 _aBibliografía páginas 271-285
521 _aRecomendado para un público adulto
545 _aIncluye datos biográficos del autor al final del texto
650 0 7 _aConflicto armado
_xenseñanza
_zColombia
_2lemb
_961645
650 0 7 _aPaz
_xaspectos sociales
_zColombia
_2lemb
_961646
650 0 7 _aViolencia
_xenseñanza
_zColombia
_2lemb
_961647
700 _aChiappe, Giancarlo
_961648
700 _aMockus Šivicka, Antanas
_d1952-
_961649
942 _2ddc
_cBK
999 _c57797
_d57797